Statistiques concernant Devinez le Pays mystère - N°7

Cliquez ici pour prendre le quiz!

Statistiques générales

  • Ce quiz a été pris 426 fois
  • Le résultat moyen est 3 sur 6

Statistiques - réponses

Type de quizRéponse% Correct
LettreA
94%
LettreU
55%
LettreN
52%
RéponseNauru
44%
LettreR
44%
LettreU
44%

Distribution des résultats

Percentile par nombre de réponses

% des personnes avec chaque résultat

Votre développement - résultats

Vous n’avez pas pris ce quiz